JRの駅が100以上ある都道府県-サドンデス- - Statistics

General Stats
  • This quiz has been taken 29 times
  • The average score is 8 of 17
Answers on the Grid
Answers color-coded by a green-red scale on the quiz's grid according to % correct below.
北海道
青森県
岩手県
宮城県
秋田県
山形県
福島県
茨城県
栃木県
群馬県
埼玉県
千葉県
東京都
神奈川県
新潟県
富山県
石川県
福井県
山梨県
長野県
岐阜県
静岡県
愛知県
三重県
滋賀県
京都府
大阪府
兵庫県
奈良県
和歌山県
鳥取県
島根県
岡山県
広島県
山口県
徳島県
香川県
愛媛県
高知県
福岡県
佐賀県
長崎県
熊本県
大分県
宮崎県
鹿児島県
沖縄県
 
Answer Stats
Answer % Correct
北海道
100%
東京都
95%
神奈川県
73%
千葉県
68%
大阪府
55%
宮城県
50%
新潟県
50%
長野県
50%
福岡県
45%
福島県
41%
兵庫県
32%
岩手県
27%
広島県
23%
秋田県
18%
岡山県
18%
山形県
14%
山口県
9%
No matching quizzes found
Score Distribution
Percent of People with Each Score
Percentile by Number Answered
Your Score History
You have not taken this quiz